Geography Quiz

Random Geography or World Quiz
Score 0/197 Timer 01:00
37 Plays Today
% Correct
Australia
82.8%
New Zealand
76.2%
Indonesia
72.8%
China
71.1%
United States of America
67.7%
Fiji
67%
Russia
66.5%
Papua New Guinea
62.2%
India
61.8%
Japan
61.4%
Samoa
57.9%
Philippines
57.9%
Micronesia
57.2%
Tonga
56.2%
Brazil
55.7%
Tuvalu
55.6%
Vanuatu
55.2%
Palau
54.5%
Malaysia
53.7%
Kiribati
53.5%
Marshall Islands
53.4%
Nauru
53.4%
Canada
52.5%
Italy
52.1%
United Kingdom
51.4%
Thailand
50.7%
Vietnam
50.4%
Mexico
50.3%
South Africa
49.9%
Singapore
49.9%
Timor-Leste
49.5%
France
49.4%
Laos
48.2%
Egypt
48.1%
South Korea
48%
Chile
47.8%
Germany
47.6%
Spain
47.5%
Mongolia
47.4%
Brunei
47.3%
Taiwan
47.2%
Chad
46.9%
North Korea
46.6%
Madagascar
46.6%
Togo
46.3%
Argentina
46.2%
Iran
46.1%
Panama
46%
Greece
45.9%
Peru
45.8%
Cambodia
45.5%
Turkey
45.4%
Niger
45.3%
Maldives
45.2%
Cuba
45.2%
Mali
45.2%
Saudi Arabia
45.1%
Democratic Republic of the Congo
45.1%
Myanmar
45.1%
Guinea
45.1%
Sudan
45%
Algeria
44.9%
Norway
44.9%
Austria
44.9%
Ghana
44.9%
Sweden
44.9%
% Correct
Sri Lanka
44.9%
Iceland
44.8%
Poland
44.8%
Honduras
44.8%
Libya
44.8%
Seychelles
44.8%
Portugal
44.8%
Morocco
44.8%
Israel
44.7%
Ireland
44.6%
Nepal
44.6%
Costa Rica
44.6%
Guatemala
44.6%
Belize
44.6%
Haiti
44.6%
United Arab Emirates
44.6%
Iraq
44.5%
Kenya
44.5%
Nicaragua
44.5%
Colombia
44.4%
Finland
44.4%
Belgium
44.4%
Switzerland
44.3%
Pakistan
44.3%
Bolivia
44.3%
Bhutan
44.3%
Croatia
44.3%
Oman
44.3%
Denmark
44.2%
Ukraine
44.2%
Kazakhstan
44.2%
Senegal
44.2%
Jamaica
44.2%
Central African Republic
44.2%
Cote d'Ivoire
44.2%
Yemen
44.2%
Venezuela
44.2%
Somalia
44.2%
Angola
44.2%
Uruguay
44.1%
Congo
44.1%
Benin
44.1%
Ecuador
44.1%
Lesotho
44.1%
El Salvador
44.1%
Comoros
44.1%
Nigeria
44.1%
Vatican City
44.1%
Netherlands
44.1%
St Kitts
44.1%
Malta
44%
Andorra
44%
Romania
44%
Serbia
44%
Liberia
44%
Suriname
44%
Hungary
44%
Monaco
44%
Ethiopia
44%
The Bahamas
44%
Paraguay
44%
San Marino
44%
Syria
44%
The Gambia
43.9%
Guyana
43.9%
Bangladesh
43.9%
% Correct
Tunisia
43.9%
Jordan
43.9%
Tanzania
43.9%
Luxembourg
43.9%
Mauritania
43.9%
Sierra Leone
43.9%
Dominica
43.9%
Uganda
43.9%
Gabon
43.9%
Mauritius
43.9%
Albania
43.9%
Afghanistan
43.9%
Barbados
43.9%
Trinidad and Tobago
43.9%
Czechia
43.9%
Qatar
43.9%
Slovakia
43.8%
Bulgaria
43.8%
Cameroon
43.8%
Slovenia
43.8%
Burkina Faso
43.8%
Rwanda
43.8%
Lebanon
43.8%
Namibia
43.8%
Bahrain
43.8%
Zimbabwe
43.8%
Botswana
43.8%
Guinea-Bissau
43.8%
Saint Lucia
43.8%
Cyprus
43.8%
Kuwait
43.8%
Zambia
43.8%
Kosovo
43.8%
Uzbekistan
43.8%
Djibouti
43.8%
Belarus
43.8%
Moldova
43.7%
North Macedonia
43.8%
Liechtenstein
43.7%
Estonia
43.7%
Latvia
43.7%
Malawi
43.7%
Burundi
43.7%
St Vincent
43.7%
Mozambique
43.7%
Sao Tome and Principe
43.7%
Georgia
43.7%
Grenada
43.7%
Palestine
43.7%
Kyrgyzstan
43.7%
eSwatini
43.7%
Cabo Verde
43.7%
Eritrea
43.7%
Equatorial Guinea
43.7%
Montenegro
43.7%
Dominican Republic
43.7%
Lithuania
43.7%
Armenia
43.7%
Turkmenistan
43.7%
South Sudan
43.7%
Bosnia and Herzegovina
43.6%
Azerbaijan
43.6%
Antigua and Barbuda
43.6%
Tajikistan
43.6%
Solomon Islands
43.5%
Remove Ads.
Support Sporcle.
Get the best of Sporcle when you Go Orange. This ad-free experience offers more features, more stats, and more fun while also helping to support Sporcle. Thank you for becoming a member.

You're not logged in!

Compare scores with friends on all Sporcle quizzes.
OR
Log In

Sporcle TV

Today on Sporcle TV


Watch our educational content, quiz creation guides, and fun videos on Sporcle TV.

Show Comments

Extras

Top Quizzes Today


Score Distribution

Paid Content

Your Account Isn't Verified!

In order to create a playlist on Sporcle, you need to verify the email address you used during registration. Go to your Sporcle Settings to finish the process.

Report this User

Report this user for behavior that violates our Community Guidelines.

Details: